[Event "BL 1112 OSG Baden-Baden - SC Remagen"]
[Site "Solingen"]
[Date "2011.11.20"]
[Round "5.7"]
[White "Seel, Christian"]
[Black "Nisipeanu, Liviu-Dieter"]
[Result "0-1"]
[WhiteElo "2481"]
[BlackElo "2638"]
[PlyCount "144"]
[EventDate "2011.10.14"]

1. Nf3 Nf6 2. c4 e6 3. Nc3 Bb4 4. g3 b6 5. Bg2 Bb7 6. O-O O-O 7. d3 Bxc3 8.
bxc3 d6 9. e4 Nbd7 10. h3 Kh8 11. Kh2 e5 12. Ne1 Ng8 13. f4 exf4 14. Bxf4 f5
15. exf5 Bxg2 16. Nxg2 Rxf5 17. Qg4 Rf7 18. Qh5 Rf8 19. Qd5 Ngf6 20. Qf3 Ne5
21. Bxe5 dxe5 22. Rae1 Qd6 23. Qe3 Rad8 24. Rd1 Rde8 25. Rde1 Kg8 26. Qe2 g6
27. Rf3 e4 28. dxe4 Rxe4 29. Re3 Rxe3 30. Qxe3 Re8 31. Qd4 Rxe1 32. Nxe1 Kf7
33. Kg2 Qe6 34. Nd3 Qe4+ 35. Kf2 Qf5+ 36. Kg2 Qe4+ 37. Kf2 Ke7 38. Nf4 Qxd4+
39. cxd4 Ne4+ 40. Kf3 Nd2+ 41. Kg4 Nxc4 42. Kg5 Kf7 43. Kh6 Kg8 44. Kg5 Kf7 45.
Kh6 Ne3 46. Kxh7 g5 47. Ne2 g4 48. hxg4 Nxg4 49. Nc3 c6 50. a4 a5 51. d5 Nf6+
52. Kh6 Nxd5 53. Ne2 Kf6 54. Nd4 c5 55. Nc2 c4 56. g4 c3 57. g5+ Ke5 58. Kg7
Nb4 59. Na1 c2 60. Nb3 Nd3 61. Kf7 Kd5 62. g6 Ne5+ 63. Kf6 Nxg6 64. Kxg6 Kc4
65. Nc1 Kc3 66. Kf5 Kb2 67. Nd3+ Kb1 68. Ke4 c1=Q 69. Nxc1 Kxc1 70. Kd4 Kb2 71.
Kc4 Ka3 72. Kb5 Kb3 0-1

[Event "BL 1112 OSG Baden-Baden - SC Remagen"]
[Site "Solingen"]
[Date "2011.11.20"]
[Round "5.8"]
[White "Schlosser, Philipp"]
[Black "Schulz, Klaus-Juergen"]
[Result "1-0"]
[WhiteElo "2591"]
[BlackElo "2365"]
[PlyCount "93"]
[EventDate "2011.10.14"]

1. c4 e6 2. g3 d5 3. Bg2 Nf6 4. Nf3 c6 5. Qc2 Na6 6. a3 dxc4 7. Qxc4 Qd5 8. Qc2
Nc5 9. Nc3 Qb3 10. Qb1 a5 11. d4 Na4 12. Nxa4 Qxa4 13. O-O Be7 14. b3 Qb5 15.
Qc2 O-O 16. Ne5 Nd7 17. Nd3 Bf6 18. Bb2 a4 19. b4 e5 20. dxe5 Nxe5 21. Nc5 Ng4
22. Rfd1 Be6 23. Rd2 Rfe8 24. Rad1 Bd5 25. e4 Bc4 26. Bxf6 Nxf6 27. Rd4 Bb3 28.
Nxb3 axb3 29. Qxb3 c5 30. Qc4 Qxc4 31. Rxc4 cxb4 32. axb4 Ra4 33. e5 Rxe5 34.
Rd8+ Re8 35. Rxe8+ Nxe8 36. Bxb7 Kf8 37. Bd5 Nd6 38. Rc6 Ke7 39. Rb6 Ra1+ 40.
Kg2 Rb1 41. Rb8 Kd7 42. Rh8 Rxb4 43. Rxh7 Rg4 44. f4 Ke7 45. Rh8 Ne8 46. Be4
Nd6 47. Kf3 1-0

[Event "BL 1112 SG Turm Trier - SG Solingen"]
[Site "Solingen"]
[Date "2011.11.20"]
[Round "5.1"]
[White "Ragger, Markus"]
[Black "Lupulescu, Constantin"]
[Result "1/2-1/2"]
[WhiteElo "2655"]
[BlackElo "2655"]
[PlyCount "60"]
[EventDate "2011.10.14"]

1. Nf3 d5 2. d4 Nf6 3. c4 e6 4. g3 Bb4+ 5. Bd2 Be7 6. Bg2 c6 7. Qc2 O-O 8. O-O
Nbd7 9. Rd1 b6 10. b3 a5 11. Bc3 Ne4 12. Bb2 Bb7 13. Nbd2 Nxd2 14. Qxd2 Bd6 15.
e4 Be7 16. Qc2 Qb8 17. Bc1 Rc8 18. Bf4 Qa7 19. a4 Re8 20. Bg5 h6 21. Bxe7 Rxe7
22. Rac1 dxe4 23. Qxe4 c5 24. Qf4 Rae8 25. d5 exd5 26. cxd5 Nf6 27. Nh4 Bc8 28.
Nf5 Bxf5 29. Qxf5 Qb8 30. Rd2 Qd6 1/2-1/2

[Event "BL 1112 SG Turm Trier - SG Solingen"]
[Site "Solingen"]
[Date "2011.11.20"]
[Round "5.2"]
[White "Howell, David W L"]
[Black "Stellwagen, Daniel"]
[Result "1/2-1/2"]
[WhiteElo "2633"]
[BlackElo "2625"]
[PlyCount "43"]
[EventDate "2011.10.14"]

1. e4 e6 2. d4 d5 3. Nd2 c5 4. Ngf3 cxd4 5. Nxd4 Nf6 6. exd5 Nxd5 7. N2f3 Bb4+
8. Bd2 O-O 9. c4 e5 10. cxd5 Bxd2+ 11. Qxd2 exd4 12. Qxd4 Re8+ 13. Be2 Bf5 14.
Qd2 Be4 15. d6 Bxf3 16. gxf3 Qh4 17. O-O-O Qxf2 18. Bc4 Qxd2+ 19. Rxd2 Nc6 20.
h4 Kf8 21. Bd5 Rad8 22. Be4 1/2-1/2

[Event "BL 1112 SG Turm Trier - SG Solingen"]
[Site "Solingen"]
[Date "2011.11.20"]
[Round "5.3"]
[White "L'Ami, Erwin"]
[Black "Bobras, Piotr"]
[Result "1-0"]
[WhiteElo "2592"]
[BlackElo "2544"]
[PlyCount "91"]
[EventDate "2011.10.14"]

1. Nf3 Nf6 2. c4 g6 3. Nc3 d5 4. cxd5 Nxd5 5. Qb3 Nb6 6. d4 Be6 7. Qc2 Bg4 8.
Qe4 Bxf3 9. Qxf3 Qxd4 10. Qxb7 Bg7 11. Qe4 Qxe4 12. Nxe4 Nc6 13. e3 Nb4 14. Ke2
O-O-O 15. Kf3 Rd5 16. Bd2 Nc6 17. Ba6+ Kb8 18. Bc3 Bxc3 19. Nxc3 Rd2 20. Rab1
f5 21. Rhc1 g5 22. g3 Rhd8 23. Kg2 g4 24. Kf1 Ne5 25. Be2 Nf3 26. Bxf3 gxf3 27.
Ke1 Nc4 28. Rd1 Rxd1+ 29. Rxd1 Rxd1+ 30. Nxd1 c5 31. b3 Nd6 32. Nc3 e6 33. Kd2
Kc7 34. e4 fxe4 35. Ke3 Nf5+ 36. Kxe4 Nd4 37. g4 Kd6 38. Nb1 a5 39. Nd2 a4 40.
Nc4+ Kc6 41. bxa4 Ne2 42. g5 Nc3+ 43. Kd3 Nxa2 44. h4 Kd5 45. Ne3+ Ke5 46. h5
1-0

[Event "BL 1112 SG Turm Trier - SG Solingen"]
[Site "Solingen"]
[Date "2011.11.20"]
[Round "5.4"]
[White "Gonda, Laszlo"]
[Black "Nikolic, Predrag"]
[Result "1/2-1/2"]
[WhiteElo "2520"]
[BlackElo "2636"]
[PlyCount "60"]
[EventDate "2011.10.14"]

1. Nf3 f5 2. d4 Nf6 3. g3 e6 4. Bg2 d5 5. O-O Bd6 6. b3 Qe7 7. c4 c6 8. Bb2 b6
9. Ne5 Bb7 10. Nd2 O-O 11. Ndf3 Nbd7 12. Qc2 Rac8 13. Rac1 c5 14. dxc5 Nxc5 15.
Qb1 Nce4 16. Qa1 dxc4 17. Nxc4 Bc5 18. Nce5 b5 19. Nd3 Bd6 20. Nfe5 Nd5 21. f3
Nc5 22. Bd4 Nxd3 23. Nxd3 f4 24. Rxc8 Rxc8 25. Rc1 fxg3 26. hxg3 Bxg3 27. Rxc8+
Bxc8 28. Qc1 Qc7 29. Qxc7 Bxc7 30. Bxa7 Nc3 1/2-1/2

[Event "BL 1112 SG Turm Trier - SG Solingen"]
[Site "Solingen"]
[Date "2011.11.20"]
[Round "5.5"]
[White "Jussupow, Artur"]
[Black "Gordon, Stephen"]
[Result "1/2-1/2"]
[WhiteElo "2566"]
[BlackElo "2535"]
[PlyCount "89"]
[EventDate "2011.10.14"]

1. d4 Nf6 2. c4 e6 3. Nc3 Bb4 4. e3 c5 5. Nge2 cxd4 6. exd4 O-O 7. a3 Be7 8.
Nf4 d6 9. Be2 e5 10. Nfd5 Nxd5 11. Nxd5 Nc6 12. dxe5 dxe5 13. Be3 Be6 14. O-O
Bxd5 15. cxd5 Nd4 16. Bxd4 exd4 17. Qxd4 Bf6 18. Qd3 Be5 19. g3 Qf6 20. Rad1
Bd6 21. Rd2 Rfe8 22. Kg2 Rac8 23. Bf3 g6 24. h4 h5 25. Rc2 Rxc2 26. Qxc2 Qd8
27. Qa4 Qb8 28. Rc1 Kg7 29. Qd4+ Be5 30. Qd2 Qd6 31. Re1 Re7 32. a4 a6 33. Re3
Bf6 34. Rb3 Rd7 35. Qe3 Qe5 36. Qc5 Qd4 37. Qxd4 Bxd4 38. Rb4 Bc5 39. Rc4 Bd6
40. Rc8 Rc7 41. Rd8 Be7 42. d6 Bxd8 43. dxc7 Bxc7 44. Bxb7 a5 45. Kf3 1/2-1/2

[Event "BL 1112 SG Turm Trier - SG Solingen"]
[Site "Solingen"]
[Date "2011.11.20"]
[Round "5.6"]
[White "Galyas, Miklos"]
[Black "Naumann, Alexander"]
[Result "0-1"]
[WhiteElo "2458"]
[BlackElo "2546"]
[PlyCount "110"]
[EventDate "2011.10.14"]

1. d4 Nf6 2. c4 g6 3. Nc3 d5 4. Nf3 Bg7 5. Qa4+ Bd7 6. Qb3 dxc4 7. Qxc4 O-O 8.
Bf4 Na6 9. e4 c5 10. e5 Be6 11. exf6 Bxc4 12. fxg7 Kxg7 13. Bxc4 cxd4 14. Rd1
Qa5 15. Be5+ f6 16. Bxd4 e5 17. Be3 Rfd8 18. O-O Nb4 19. a3 Nc2 20. Bd2 Nd4 21.
Nxd4 Rxd4 22. Be2 Rad8 23. Be3 Rxd1 24. Bxd1 b5 25. Na2 Rd2 26. b4 Qd8 27. Bb3
Rd3 28. Nc1 Rxe3 29. fxe3 Qd2 30. Rd1 Qxe3+ 31. Kf1 e4 32. Bd5 f5 33. Ne2 Qxa3
34. Bc6 Qxb4 35. Rd7+ Kf6 36. Rxa7 e3 37. Ra1 Qd6 38. Bxb5 Qxh2 39. Ra3 Qb8 40.
Rb3 h5 41. Bc4 Qe5 42. Bd3 h4 43. Rb6+ Kg7 44. Rb4 h3 45. gxh3 Qd5 46. Nd4 f4
47. Kg1 f3 48. Nxf3 Qxf3 49. Rb2 Qxh3 50. Rg2 Qd7 51. Bc2 Qd4 52. Kf1 Qf4+ 53.
Ke2 g5 54. Bb3 g4 55. Be6 Qf3+ 0-1

[Event "BL 1112 SG Turm Trier - SG Solingen"]
[Site "Solingen"]
[Date "2011.11.20"]
[Round "5.7"]
[White "Hoffmann, Michael"]
[Black "Seger, Ruediger"]
[Result "1/2-1/2"]
[WhiteElo "2496"]
[BlackElo "2390"]
[PlyCount "48"]
[EventDate "2011.10.14"]

1. d4 Nf6 2. c4 g6 3. Nc3 d5 4. Nf3 Bg7 5. Qb3 dxc4 6. Qxc4 O-O 7. e4 a6 8. e5
Nfd7 9. Be3 Nb6 10. Qc5 c6 11. Be2 h6 12. O-O Be6 13. Ne4 N8d7 14. Qc1 Kh7 15.
Ne1 Bd5 16. Qc2 f5 17. exf6 exf6 18. Nc3 f5 19. Nd3 Bf7 20. Nc5 Nxc5 21. dxc5
Nd5 22. Nxd5 Bxd5 23. Rad1 Qh4 24. Bf3 Qc4 1/2-1/2

[Event "BL 1112 SG Turm Trier - SG Solingen"]
[Site "Solingen"]
[Date "2011.11.20"]
[Round "5.8"]
[White "Cioara, Andrei Nestor"]
[Black "Wegerle, Joerg"]
[Result "1/2-1/2"]
[WhiteElo "2436"]
[BlackElo "2450"]
[PlyCount "61"]
[EventDate "2011.10.14"]

1. d4 d5 2. c4 dxc4 3. Nf3 a6 4. a4 Nf6 5. e3 Bg4 6. Bxc4 e6 7. h3 Bh5 8. O-O
c5 9. dxc5 Nc6 10. Nbd2 Bxc5 11. Nb3 Bb4 12. Bd2 Qe7 13. Be2 Rd8 14. Nfd4 Nxd4
15. exd4 Bxe2 16. Qxe2 Rd5 17. Bf4 O-O 18. Rfc1 Bd6 19. Bxd6 Qxd6 20. Rc4 Nh5
21. Nc5 Nf4 22. Qf3 Ng6 23. a5 Rxd4 24. Nxb7 Qe5 25. Rc5 Rd5 26. Rxd5 exd5 27.
Rd1 d4 28. b4 Nf4 29. Nc5 Rd8 30. Nd3 Nxd3 31. Qxd3 1/2-1/2

[Event "BL 1112 Hamburger SK - USV TU Dresden"]
[Site "Berlin"]
[Date "2011.11.20"]
[Round "5.1"]
[White "Almasi, Zoltan"]
[Black "Wojtaszek, Radoslav"]
[Result "1/2-1/2"]
[WhiteElo "2710"]
[BlackElo "2704"]
[PlyCount "50"]
[EventDate "2011.10.14"]

1. e4 c5 2. Nf3 d6 3. d4 cxd4 4. Nxd4 Nf6 5. Nc3 a6 6. Be2 e5 7. Nb3 Be7 8. Qd3
O-O 9. Bg5 Be6 10. Bxf6 Bxf6 11. Rd1 Nc6 12. Qxd6 Nd4 13. Qxd8 Rfxd8 14. Bd3
Rac8 15. O-O g6 16. Nxd4 Rxd4 17. g3 Kg7 18. Kg2 h5 19. Rfe1 Be7 20. Ne2 Rd6
21. a3 h4 22. Nc3 Rd4 23. Ne2 Rd6 24. Nc3 Rd4 25. Ne2 Rd6 1/2-1/2

[Event "BL 1112 Hamburger SK - USV TU Dresden"]
[Site "Berlin"]
[Date "2011.11.20"]
[Round "5.2"]
[White "Ghaem Maghami, Ehsan"]
[Black "Socko, Bartosz"]
[Result "1/2-1/2"]
[WhiteElo "2583"]
[BlackElo "2628"]
[PlyCount "43"]
[EventDate "2011.10.14"]

1. c4 e6 2. Nc3 Nf6 3. e4 d5 4. e5 d4 5. exf6 dxc3 6. bxc3 Qxf6 7. d4 e5 8. Nf3
exd4 9. Bg5 Qe6+ 10. Be2 Be7 11. cxd4 Bxg5 12. Nxg5 Qg6 13. Qd2 O-O 14. O-O Rd8
15. Rfe1 h6 16. Nf3 Qf6 17. Bd3 Bf5 18. Bxf5 Qxf5 19. Re5 Qf6 20. Rae1 Nd7 21.
R5e3 Nf8 22. Qb4 1/2-1/2

[Event "BL 1112 Hamburger SK - USV TU Dresden"]
[Site "Berlin"]
[Date "2011.11.20"]
[Round "5.3"]
[White "Gajewski, Grzegorz"]
[Black "Hansen, Sune Berg"]
[Result "1/2-1/2"]
[WhiteElo "2607"]
[BlackElo "2566"]
[PlyCount "159"]
[EventDate "2011.10.14"]

1. d4 d5 2. c4 c6 3. Nc3 Nf6 4. e3 a6 5. Nf3 b5 6. b3 Bf5 7. a4 b4 8. Ne2 e6 9.
Ng3 Bg6 10. a5 Bd6 11. c5 Bc7 12. Bd2 Bxa5 13. Be2 Bc7 14. Bxb4 a5 15. Bc3 Nbd7
16. O-O O-O 17. Ra3 h5 18. Qa1 Ng4 19. Re1 h4 20. Nf1 h3 21. g3 Ndf6 22. Ng5
Bf5 23. Nd2 Nd7 24. Ngf3 Ndf6 25. Nh4 Bh7 26. Qd1 Nh6 27. Nhf3 Nfg4 28. Bf1 Bf5
29. e4 dxe4 30. Nxe4 Rb8 31. Neg5 Nf6 32. Nxh3 Ne4 33. Bb2 Ng4 34. Nh4 Nef6 35.
Nxf5 exf5 36. Qf3 Qd7 37. Ng5 Nd5 38. Raa1 g6 39. Bc4 Ngf6 40. Bc1 Kg7 41. Bd2
Rfe8 42. Kg2 Rxe1 43. Bxe1 Qd8 44. Bd2 Ra8 45. h3 Rb8 46. Qe2 Ra8 47. Qe1 f4
48. Nf3 fxg3 49. fxg3 Qc8 50. Ne5 Qf5 51. Bd3 Qe6 52. Nc4 Qd7 53. Ne5 Qe6 54.
Ng4 Qd7 55. Qe2 Re8 56. Ne5 Qe6 57. Bxa5 Nh5 58. Bd2 Bxe5 59. Qxe5+ Qxe5 60.
dxe5 Rxe5 61. Ra6 Re6 62. b4 Nhf6 63. Kf3 Nd7 64. Kf2 Ne5 65. Be2 Re7 66. Ra8
Rd7 67. Ke1 Rb7 68. Re8 f6 69. b5 cxb5 70. Rd8 Ne7 71. Kd1 Rc7 72. Be3 N7c6 73.
Ra8 Rd7+ 74. Kc2 Nc4 75. Bxc4 bxc4 76. Bd2 Nd4+ 77. Kc3 Ne2+ 78. Kc2 Nd4+ 79.
Kc3 Ne2+ 80. Kc2 1/2-1/2

[Event "BL 1112 Hamburger SK - USV TU Dresden"]
[Site "Berlin"]
[Date "2011.11.20"]
[Round "5.4"]
[White "Ftacnik, Lubomir Dr"]
[Black "Boensch, Uwe"]
[Result "1/2-1/2"]
[WhiteElo "2570"]
[BlackElo "2530"]
[PlyCount "74"]
[EventDate "2011.10.14"]

1. d4 Nf6 2. Nf3 e6 3. c4 Bb4+ 4. Nbd2 b6 5. a3 Bxd2+ 6. Bxd2 Bb7 7. g3 O-O 8.
Bg2 d6 9. O-O Nbd7 10. Rc1 Qc8 11. b4 Ne4 12. Be3 a5 13. b5 f5 14. Ne1 e5 15.
Nd3 Qe8 16. c5 bxc5 17. dxc5 dxc5 18. Bxc5 Rf7 19. Be3 Nb6 20. Qb3 Bd5 21. Qb2
Re7 22. f3 Nd6 23. Bg5 Re6 24. Rxc7 h6 25. Be3 Nbc4 26. Qc1 Nxe3 27. Qxe3 Nxb5
28. Rc5 Rd8 29. a4 Nd4 30. Rxa5 Bc4 31. Rxe5 Rxe5 32. Nxe5 Bxe2 33. Re1 Qxa4
34. Rxe2 Nxe2+ 35. Qxe2 Rd1+ 36. Bf1 Qd4+ 37. Kh1 Rxf1+ 1/2-1/2

[Event "BL 1112 Hamburger SK - USV TU Dresden"]
[Site "Berlin"]
[Date "2011.11.20"]
[Round "5.5"]
[White "Maiwald, Jens-Uwe"]
[Black "Rogozenco, Dorian"]
[Result "1/2-1/2"]
[WhiteElo "2459"]
[BlackElo "2552"]
[PlyCount "49"]
[EventDate "2011.10.14"]

1. e4 c5 2. Nf3 Nc6 3. Bb5 e6 4. O-O Nge7 5. b3 Ng6 6. Bb2 f6 7. c3 a6 8. Bxc6
bxc6 9. d4 d5 10. Nbd2 Be7 11. c4 O-O 12. Qc2 cxd4 13. Nxd4 Qd7 14. cxd5 cxd5
15. exd5 Qxd5 16. Qc6 Rd8 17. Nc4 Bc5 18. Qxd5 Rxd5 19. Rfd1 Nf4 20. Kf1 Bb7
21. g3 e5 22. Nf5 Nd3 23. Ba3 Bxa3 24. Nxa3 Kf7 25. Nc4 1/2-1/2

[Event "BL 1112 Hamburger SK - USV TU Dresden"]
[Site "Berlin"]
[Date "2011.11.20"]
[Round "5.6"]
[White "Heinemann, Thies"]
[Black "Tischbierek, Raj"]
[Result "0-1"]
[WhiteElo "2469"]
[BlackElo "2454"]
[PlyCount "126"]
[EventDate "2011.10.14"]

1. e4 g6 2. d4 d6 3. Be3 Nf6 4. f3 Bg7 5. Qd2 Nbd7 6. Ne2 e5 7. c4 c6 8. Nbc3
O-O 9. d5 cxd5 10. Nxd5 Nxd5 11. Qxd5 Nb6 12. Qd3 Be6 13. b3 Bh6 14. Bxh6 Qh4+
15. g3 Qxh6 16. Bg2 Nd7 17. Rd1 a5 18. Qxd6 a4 19. Qd2 Qxd2+ 20. Rxd2 axb3 21.
axb3 Nc5 22. Nc1 Ra1 23. Kf2 Rb1 24. Nd3 Nxd3+ 25. Rxd3 Rb2+ 26. Kg1 Ra8 27. h4
Raa2 28. Bf1 Ra1 29. Rc3 h5 30. b4 Rxb4 31. Rc2 Rxc4 32. Rb2 Rcc1 33. Kg2 b5
34. g4 hxg4 35. fxg4 Bxg4 36. Rxb5 Ra2+ 37. Kg3 Be6 38. Bg2 Ra3+ 39. Kh2 Rc2
40. Rbb1 Rh3+ 41. Kg1 Rg3 42. Rh2 Bh3 43. Rxh3 Rcxg2+ 44. Kh1 Rxh3+ 45. Kxg2
Rxh4 46. Kf3 Kg7 47. Rb8 f6 48. Rb7+ Kh6 49. Rf7 Kg5 50. Rf8 Rh3+ 51. Kf2 f5
52. Ra8 Kf4 53. Ra4 fxe4 54. Ra6 e3+ 55. Ke1 g5 56. Rf6+ Ke4 57. Rg6 Rh1+ 58.
Ke2 Rh2+ 59. Ke1 g4 60. Rg8 g3 61. Rg7 g2 62. Rg8 g1=Q+ 63. Rxg1 Kd3 0-1

[Event "BL 1112 Hamburger SK - USV TU Dresden"]
[Site "Berlin"]
[Date "2011.11.20"]
[Round "5.7"]
[White "Uhlmann, Wolfgang"]
[Black "Sebastian, Dirk"]
[Result "1/2-1/2"]
[WhiteElo "2379"]
[BlackElo "2446"]
[PlyCount "44"]
[EventDate "2011.10.14"]

1. c4 e5 2. Nc3 Nc6 3. Nf3 g6 4. e3 Bg7 5. d4 d6 6. Be2 exd4 7. exd4 Nge7 8. d5
Ne5 9. Nd4 Nf5 10. Nxf5 Bxf5 11. O-O O-O 12. Be3 Re8 13. Qd2 Ng4 14. Bxg4 Bxg4
15. Bd4 Bd7 16. Rfe1 Qh4 17. Bxg7 Kxg7 18. f4 f5 19. b4 Qf6 20. g3 h6 21. h4
Kf7 22. Rad1 b6 1/2-1/2

[Event "BL 1112 Hamburger SK - USV TU Dresden"]
[Site "Berlin"]
[Date "2011.11.20"]
[Round "5.8"]
[White "Berger, Steve"]
[Black "Hoffmann, Paul"]
[Result "0-1"]
[WhiteElo "2416"]
[BlackElo "2317"]
[PlyCount "47"]
[EventDate "2011.10.14"]

1. e4 e6 2. d4 d5 3. Nd2 c5 4. exd5 Qxd5 5. Ngf3 cxd4 6. Bc4 Qd6 7. O-O Nf6 8.
Re1 Be7 9. Ne4 Qc7 10. Qxd4 Nc6 11. Nxf6+ Bxf6 12. Qe4 Nd4 13. Bd3 Nxf3+ 14.
Qxf3 Bd7 15. Bf4 Qb6 16. Be4 Rc8 17. Bxb7 Rxc2 18. Rad1 Rxb2 19. Rxd7 Kxd7 20.
Bc6+ Ke7 21. Qa3+ Rb4 22. Bc7 Qc5 23. Rd1 Bd4 24. Bb7 0-1

[Event "BL 1112 Schachfr. Berlin - SK König Tegel"]
[Site "Berlin"]
[Date "2011.11.20"]
[Round "5.1"]
[White "Rabiega, Robert"]
[Black "Melkumyan, Hrant"]
[Result "1/2-1/2"]
[WhiteElo "2501"]
[BlackElo "2619"]
[PlyCount "106"]
[EventDate "2011.10.14"]

1. e4 c5 2. Nf3 e6 3. c3 Nf6 4. e5 Nd5 5. Bc4 Nc6 6. d4 cxd4 7. cxd4 d6 8. O-O
Be7 9. Qe2 O-O 10. Nc3 Nxc3 11. bxc3 dxe5 12. dxe5 Qa5 13. Qe4 Qa4 14. Rb1 Na5
15. Bd3 Qxe4 16. Bxe4 Rb8 17. Rd1 b6 18. Bg5 Bxg5 19. Nxg5 h6 20. Nf3 Bb7 21.
Nd2 Rbc8 22. Bxb7 Nxb7 23. Ne4 Rfd8 24. f4 Kf8 25. Kf2 Rd5 26. Ke3 Ke7 27. Rd4
f5 28. Rxd5 exd5 29. Ng3 Ke6 30. Ne2 g6 31. h3 Na5 32. g4 Nc6 33. gxf5+ gxf5
34. Rg1 Kf7 35. Nd4 Ne7 36. Nb5 Kf8 37. Kd3 Rc4 38. Nd4 Kf7 39. Kc2 b5 40. a3
a6 41. h4 Ra4 42. Kb3 Rc4 43. h5 a5 44. Rf1 b4 45. axb4 axb4 46. Nb5 Kf8 47.
cxb4 Nc6 48. Nd6 Rxb4+ 49. Ka3 d4 50. Rc1 Rb6 51. Nxf5 d3 52. Rd1 Rb4 53. Rxd3
Rxf4 1/2-1/2

[Event "BL 1112 Schachfr. Berlin - SK König Tegel"]
[Site "Berlin"]
[Date "2011.11.20"]
[Round "5.2"]
[White "Kraemer, Martin"]
[Black "Stern, Rene"]
[Result "1/2-1/2"]
[WhiteElo "2492"]
[BlackElo "2506"]
[PlyCount "93"]
[EventDate "2011.10.14"]

1. d4 Nf6 2. c4 e6 3. Nc3 d5 4. cxd5 exd5 5. Bg5 c6 6. e3 Be7 7. Bd3 Nbd7 8.
Nf3 O-O 9. Qc2 Re8 10. O-O Nf8 11. h3 Be6 12. Rab1 Ne4 13. Bf4 Bd6 14. Bxd6
Nxd6 15. b4 a6 16. Na4 Qf6 17. Ne5 Bf5 18. Bxf5 Nxf5 19. Nc5 Nd6 20. a4 Qe7 21.
Rfe1 f6 22. Nf3 Rad8 23. Re2 Qf7 24. Rbe1 Ne6 25. Nd2 Re7 26. f3 Rde8 27. Qd3
Qh5 28. Nf1 Qh4 29. Kh2 g6 30. Nd2 Kg7 31. Nxe6+ Rxe6 32. e4 Nf7 33. b5 axb5
34. axb5 dxe4 35. fxe4 Qg5 36. bxc6 bxc6 37. Nf3 Qa5 38. Rc1 Ng5 39. e5 Nxf3+
40. Qxf3 fxe5 41. Rxc6 e4 42. Qc3 Qxc3 43. Rxc3 Rd6 44. Rc4 e3 45. Kg3 Rd7 46.
Rc3 Rxd4 47. Rexe3 1/2-1/2

[Event "BL 1112 Schachfr. Berlin - SK König Tegel"]
[Site "Berlin"]
[Date "2011.11.20"]
[Round "5.3"]
[White "Richter, Michael"]
[Black "Antoniewski, Rafal"]
[Result "1-0"]
[WhiteElo "2484"]
[BlackElo "2585"]
[PlyCount "85"]
[EventDate "2011.10.14"]

1. d4 d6 2. Nf3 Nf6 3. c4 g6 4. Nc3 Bg7 5. e4 O-O 6. Be2 Bg4 7. Be3 Nfd7 8. d5
c5 9. O-O Na6 10. h3 Bxf3 11. Bxf3 Nc7 12. Be2 a6 13. Qd2 Rb8 14. a4 Re8 15.
Rfd1 Na8 16. g3 Qa5 17. Qc2 Ne5 18. f4 Nd7 19. Kg2 Nc7 20. h4 Bd4 21. Bd2 Qb6
22. h5 e6 23. hxg6 fxg6 24. a5 Qa7 25. Bd3 Bg7 26. Rh1 b6 27. f5 gxf5 28. exf5
exd5 29. f6 Nxf6 30. Bxh7+ Kf8 31. Raf1 Re5 32. Rxf6+ Bxf6 33. Qg6 Ne8 34. Qg8+
Ke7 35. Nxd5+ Rxd5 36. cxd5 Qd7 37. Re1+ Kd8 38. Bf5 Qb5 39. Qf7 c4 40. Kh3 c3
41. bxc3 bxa5 42. c4 Rb7 43. Rxe8+ 1-0

[Event "BL 1112 Schachfr. Berlin - SK König Tegel"]
[Site "Berlin"]
[Date "2011.11.20"]
[Round "5.4"]
[White "Michalik, Peter"]
[Black "Muse, Mladen"]
[Result "1/2-1/2"]
[WhiteElo "2511"]
[BlackElo "2443"]
[PlyCount "95"]
[EventDate "2011.10.14"]

1. d4 Nf6 2. c4 g6 3. Nc3 Bg7 4. e4 d6 5. Nf3 O-O 6. Be2 Bg4 7. Be3 Nfd7 8. Rc1
c5 9. d5 Na6 10. h3 Bxf3 11. Bxf3 Nc7 12. h4 e6 13. h5 exd5 14. exd5 Re8 15.
Kf1 Ne5 16. hxg6 fxg6 17. Ne4 Nf7 18. Qd2 b5 19. Bg5 Qd7 20. Qf4 Nxg5 21. Nxg5
Be5 22. Qh4 Bf6 23. Qxh7+ Qxh7 24. Nxh7 Bd8 25. b4 Na6 26. a3 cxb4 27. cxb5 Nc5
28. axb4 Nd3 29. Rd1 Ne5 30. Be2 Kg7 31. f4 Nf7 32. Rh3 Rh8 33. Ng5 Nxg5 34.
Rxh8 Kxh8 35. fxg5 Bxg5 36. Kf2 Bd8 37. Bd3 Bb6+ 38. Kg3 Kg7 39. Re1 Rf8 40.
Kg4 Rf7 41. Re8 Rf8 42. Rxf8 Kxf8 43. Kg5 Kf7 44. Bxg6+ Ke7 45. g4 Be3+ 46. Kf5
Bd2 47. Bh5 Bxb4 48. g5 1/2-1/2

[Event "BL 1112 Schachfr. Berlin - SK König Tegel"]
[Site "Berlin"]
[Date "2011.11.20"]
[Round "5.5"]
[White "Von Herman, Ulf"]
[Black "Schneider, Ilja"]
[Result "1-0"]
[WhiteElo "2419"]
[BlackElo "2472"]
[PlyCount "149"]
[EventDate "2011.10.14"]

1. d4 d5 2. c4 c6 3. Nf3 Nf6 4. cxd5 cxd5 5. Nc3 Nc6 6. Bf4 a6 7. Rc1 Ne4 8. e3
Nxc3 9. bxc3 Bf5 10. Ne5 Rc8 11. Qb3 Na5 12. Qa4+ b5 13. Bxb5+ axb5 14. Qxb5+
Nc6 15. Nxc6 Qd7 16. Na7 Ra8 17. a4 e5 18. Bxe5 Rxa7 19. Qb8+ Ke7 20. Bd6+ Qxd6
21. Qxa7+ Qd7 22. Qa6 h5 23. O-O Rh6 24. Qe2 Qxa4 25. c4 Qa6 26. e4 dxe4 27.
Qe3 Kf6 28. d5 Qd6 29. Rb1 Qe5 30. Rb6+ Ke7 31. Qc5+ Rd6 32. Rxd6 Qxd6 33. Qd4
f6 34. c5 Qe5 35. Qxe5+ fxe5 36. Ra1 g6 37. Ra7+ Kf6 38. d6 e3 39. fxe3 Be4 40.
Rc7 Ke6 41. d7 Be7 42. c6 Kd6 43. Rc8 Bxc6 44. d8=Q+ Bxd8 45. Rxd8+ Ke6 46. Rf8
Be4 47. Kf2 Ke7 48. Rb8 Kf6 49. Kg3 Kg5 50. Rf8 h4+ 51. Kf2 Kg4 52. Re8 Kf5 53.
g3 hxg3+ 54. Kxg3 Bc2 55. Kf2 Bd1 56. Rb8 Bc2 57. Rc8 Bd1 58. Rc1 Bb3 59. Rg1
Bd5 60. h4 Bf7 61. Ke2 Ke4 62. Rg4+ Kf5 63. Kf3 Be8 64. Rg5+ Kf6 65. Ke4 Bc6+
66. Kd3 Bd5 67. Kc3 Bf7 68. Kb4 Ke6 69. Kc5 Be8 70. e4 Bf7 71. Rg1 Be8 72. Ra1
Bf7 73. Ra6+ Ke7 74. Ra7+ Ke6 75. Rxf7 1-0

[Event "BL 1112 Schachfr. Berlin - SK König Tegel"]
[Site "Berlin"]
[Date "2011.11.20"]
[Round "5.6"]
[White "Polzin, Rainer"]
[Black "Muse, Drazen"]
[Result "1-0"]
[WhiteElo "2469"]
[BlackElo "2388"]
[PlyCount "81"]
[EventDate "2011.10.14"]

1. e4 c5 2. Nf3 d6 3. d4 cxd4 4. Nxd4 Nf6 5. Nc3 a6 6. h3 e5 7. Nf3 Be6 8. Ng5
Nc6 9. Be3 d5 10. exd5 Bxd5 11. Nxd5 Qxd5 12. Qxd5 Nxd5 13. Bc4 Nxe3 14. fxe3
Nd8 15. O-O-O Be7 16. Ne4 Rc8 17. Bb3 Rc7 18. Rhf1 Rf8 19. g4 h6 20. a4 Nc6 21.
Kb1 g6 22. Nc3 f6 23. Nd5 Rd7 24. c3 f5 25. gxf5 gxf5 26. e4 f4 27. Rd3 Bd8 28.
Bd1 Rg8 29. Bh5+ Kf8 30. Nxf4 Rxd3 31. Nxd3+ Ke7 32. Nc5 Rg7 33. Nxb7 Bb6 34.
Bg4 Na5 35. Nxa5 Bxa5 36. b4 Bc7 37. a5 Rg8 38. Kc2 Bd6 39. Kb3 Rg5 40. Be2 Rg3
41. Rf3 1-0

[Event "BL 1112 Schachfr. Berlin - SK König Tegel"]
[Site "Berlin"]
[Date "2011.11.20"]
[Round "5.7"]
[White "Fruebing, Stefan"]
[Black "Mihok, Oliver"]
[Result "1/2-1/2"]
[WhiteElo "2373"]
[BlackElo "2445"]
[PlyCount "107"]
[EventDate "2011.10.14"]

1. e4 e5 2. Nf3 Nc6 3. Bc4 Bc5 4. O-O Nf6 5. d3 a6 6. c3 Ba7 7. Bb3 O-O 8. Re1
d6 9. h3 h6 10. Nbd2 Be6 11. Nf1 Bxb3 12. Qxb3 Qd7 13. Ng3 Rfe8 14. Nh4 d5 15.
Nhf5 dxe4 16. dxe4 Na5 17. Qd1 Qxd1 18. Rxd1 Rad8 19. Be3 Bxe3 20. Nxe3 g6 21.
b4 Nc6 22. Nd5 Nxd5 23. exd5 Ne7 24. Ne4 Rf8 25. c4 Kg7 26. Nc5 Nf5 27. Nxb7
Rb8 28. Nc5 Rxb4 29. Rac1 Rb2 30. Nxa6 Ra8 31. Nxc7 Raxa2 32. Ra1 Rxa1 33. Rxa1
Rc2 34. Ra8 Nd6 35. Nb5 Nxc4 36. Rc8 Ne3 37. Rc6 Rb2 38. Nc3 Nf5 39. d6 Rd2 40.
Ne4 Rd1+ 41. Kh2 Rd4 42. f3 Rd1 43. Rc7 Ne3 44. h4 Kf8 45. d7 Ke7 46. Nc5 Nd5
47. Rb7 Nf6 48. d8=Q+ Kxd8 49. Rxf7 Nd5 50. Rd7+ Ke8 51. Rd6 Kf7 52. Rd7+ Ke8
53. Rd6 Kf7 54. Rd7+ 1/2-1/2